| 000 | 00332 a2200133 4500 | ||
|---|---|---|---|
| 001 | 86559 | ||
| 082 | _a398.2 LOK | ||
| 090 |
_c40736 _d40736 |
||
| 100 | _aAkhtar Sharif | ||
| 245 | _aSindh Sagar : Culture and Heritage SL-80 (Only DVD) | ||
| 250 | _aV-II | ||
| 260 |
_aIslamabad _bLok Virsa Islamabad _c2012 |
||
| 500 | _aLok Virsa | ||
| 942 |
_aCAENUST _k398.2 LOK |
||
| 999 |
_c321632 _d321632 |
||